<?xml version="1.0" encoding="UTF-8"?>
<record
    xmlns:xsi="http://www.w3.org/2001/XMLSchema-instance"
    xsi:schemaLocation="http://www.loc.gov/MARC21/slim http://www.loc.gov/standards/marcxml/schema/MARC21slim.xsd"
    xmlns="http://www.loc.gov/MARC21/slim">

  <leader>02373nam a2200313 i 4500</leader>
  <controlfield tag="003">DO-SdBNP</controlfield>
  <controlfield tag="005">20250812073540.0</controlfield>
  <controlfield tag="007">ta</controlfield>
  <controlfield tag="008">250812t2025    dr o          000 0 spa d</controlfield>
  <datafield tag="020" ind1=" " ind2=" ">
    <subfield code="z">9789945656442</subfield>
  </datafield>
  <datafield tag="040" ind1=" " ind2=" ">
    <subfield code="a">DO-SdBNP</subfield>
    <subfield code="b">spa</subfield>
    <subfield code="c">BNPHU</subfield>
    <subfield code="e">rda</subfield>
  </datafield>
  <datafield tag="041" ind1=" " ind2=" ">
    <subfield code="a">spa</subfield>
  </datafield>
  <datafield tag="082" ind1=" " ind2=" ">
    <subfield code="a">xxxx</subfield>
    <subfield code="b">T233</subfield>
    <subfield code="2">22</subfield>
  </datafield>
  <datafield tag="100" ind1="1" ind2=" ">
    <subfield code="a">Taveras, Lourdes</subfield>
    <subfield code="e">autora</subfield>
    <subfield code="4">aut.</subfield>
    <subfield code="9">26602</subfield>
  </datafield>
  <datafield tag="245" ind1="1" ind2="4">
    <subfield code="a">Las Gu&#xE1;ranas /</subfield>
    <subfield code="c">Lourdes Taveras</subfield>
  </datafield>
  <datafield tag="246" ind1="1" ind2="4">
    <subfield code="a">Las Gu&#xE1;ranas :</subfield>
    <subfield code="b">historia del Munici&#xEC;o de Las Gu&#xE1;ranas y sus inicios desde 1887 /</subfield>
  </datafield>
  <datafield tag="250" ind1=" " ind2=" ">
    <subfield code="a">Primera edici&#xF3;n</subfield>
  </datafield>
  <datafield tag="264" ind1=" " ind2="1">
    <subfield code="a">Santo Domingo :</subfield>
    <subfield code="b">Imprenta Primo,</subfield>
    <subfield code="c">2025.</subfield>
  </datafield>
  <datafield tag="300" ind1=" " ind2=" ">
    <subfield code="a">83 p&#xE1;ginas</subfield>
    <subfield code="c">24 cm.</subfield>
  </datafield>
  <datafield tag="336" ind1=" " ind2=" ">
    <subfield code="a">texto</subfield>
    <subfield code="b">txt</subfield>
    <subfield code="2">rdacontent</subfield>
  </datafield>
  <datafield tag="337" ind1=" " ind2=" ">
    <subfield code="a">sin mediaci&#xF3;n</subfield>
    <subfield code="b">n</subfield>
    <subfield code="2">rdamedia</subfield>
  </datafield>
  <datafield tag="338" ind1=" " ind2=" ">
    <subfield code="a">volumen</subfield>
    <subfield code="b">nc</subfield>
    <subfield code="2">rdacarrier</subfield>
  </datafield>
  <datafield tag="500" ind1=" " ind2=" ">
    <subfield code="a">En la cubierta del libro, hay un error de impresi&#xF3;n en el a&#xF1;o de los inicios que dice 18887. </subfield>
  </datafield>
  <datafield tag="505" ind1="0" ind2=" ">
    <subfield code="t">Pr&#xF3;logo -- Fundaci&#xF3;n de Las Gu&#xE1;ranas -- Din&#xE1;mica y desarrollo -- Manuel Mar&#xED;a Ventura Tovar -- Regresando a los inicios -- Nace un nuevo sector -- Bienvenida Ventura (Biencita) -- Nace el sector de Aguas Vivas -- El Canal -- Nace el sector La Factor&#xED;a -- Sector Iglesias -- Los Rivera y Cuca -- Los veinte. Nace otro sector -- As&#xED; nos relat&#xF3; Jos&#xE9; Mendoza -- Arte y cultura -- Cultura popular -- Tiempos diferentes -- Luis Capell&#xE1;n y los Capell&#xE1;n -- Jos&#xE9; Ram&#xF3;n Ventura (Pichiro) -- Roberto Antonio -- El Aforrao Compa&#xED;to -- Don Emiliano y Do&#xF1;a Nieves -- La Chispa, sus artesan&#xED;as y vida -- Alfredo P&#xE9;rez (alias Pichao) -- Bruna y Campion -- La educaci&#xF3;n -- 1966-67-68 -- Alfredo Ure&#xF1;a inolvidable profesor -- No menos fue do&#xF1;a Esperanza Gil de Canals -- Do&#xF1;a Flora Salazar -- Do&#xF1;a Zoraida Paula de Mart&#xED;nez -- Teresa Collado Peralta -- Salud -- Ursina G&#xF3;mez (Nin&#xED;) -- Nuestra Fe Cat&#xF3;lica -- Don Antonio Mat&#xED;as -- Francisco Monegro (Bill&#xED;n) -- Delio Ram&#xF3;n Ventura (Neno Lora) y Ramona Ventura su esposa -- Inocencio Semo -- Irenita -- Autoridad Municipal -- El hombre del Certific&#xF3; qu&#xE9; -- Agradecimientos -- Conclusi&#xF3;n /</subfield>
  </datafield>
  <datafield tag="520" ind1=" " ind2=" ">
    <subfield code="a">Las Gu&#xE1;ranas, un rinc&#xF3;n lleno de encanto y maravillas que nos brinda Rep&#xFA;blica Dominicana. Debe su nombre a unas plantas de gu&#xE1;ranas que se encontraban en un monte cercano al pueblo. Esta zona comenz&#xF3; a ser habitada para el siglo XIX.</subfield>
  </datafield>
  <datafield tag="590" ind1=" " ind2=" ">
    <subfield code="a">Inventariado, 2025/ YL</subfield>
  </datafield>
  <datafield tag="910" ind1=" " ind2=" ">
    <subfield code="a">YLockward</subfield>
  </datafield>
  <datafield tag="942" ind1=" " ind2=" ">
    <subfield code="2">ddc</subfield>
    <subfield code="c">LBS1</subfield>
  </datafield>
  <datafield tag="952" ind1=" " ind2=" ">
    <subfield code="0">0</subfield>
    <subfield code="1">0</subfield>
    <subfield code="2">ddc</subfield>
    <subfield code="5">1</subfield>
    <subfield code="7">0</subfield>
    <subfield code="8">PD</subfield>
    <subfield code="a">BNPHU</subfield>
    <subfield code="b">BNPHU</subfield>
    <subfield code="c">CT</subfield>
    <subfield code="d">2025-08-04</subfield>
    <subfield code="e">Dep&#xF3;sito Legal</subfield>
    <subfield code="l">0</subfield>
    <subfield code="o">BNPHU PD xxxx T233</subfield>
    <subfield code="p">2025-8306</subfield>
    <subfield code="r">2025-08-12</subfield>
    <subfield code="w">2025-08-12</subfield>
    <subfield code="y">LBS1</subfield>
  </datafield>
  <datafield tag="952" ind1=" " ind2=" ">
    <subfield code="0">0</subfield>
    <subfield code="1">0</subfield>
    <subfield code="2">ddc</subfield>
    <subfield code="5">1</subfield>
    <subfield code="7">0</subfield>
    <subfield code="8">PD</subfield>
    <subfield code="a">BNPHU</subfield>
    <subfield code="b">BNPHU</subfield>
    <subfield code="c">CT</subfield>
    <subfield code="d">2025-08-04</subfield>
    <subfield code="e">Dep&#xF3;sito Legal</subfield>
    <subfield code="l">0</subfield>
    <subfield code="o">BNPHU PD xxxx T233</subfield>
    <subfield code="p">2025-8307</subfield>
    <subfield code="r">2025-08-12</subfield>
    <subfield code="t">e. 2</subfield>
    <subfield code="w">2025-08-12</subfield>
    <subfield code="y">LBS1</subfield>
  </datafield>
  <datafield tag="952" ind1=" " ind2=" ">
    <subfield code="0">0</subfield>
    <subfield code="1">0</subfield>
    <subfield code="2">ddc</subfield>
    <subfield code="5">6</subfield>
    <subfield code="7">0</subfield>
    <subfield code="8">DS</subfield>
    <subfield code="a">BNPHU</subfield>
    <subfield code="b">BNPHU</subfield>
    <subfield code="c">CT</subfield>
    <subfield code="d">2025-08-04</subfield>
    <subfield code="e">Dep&#xF3;sito Legal</subfield>
    <subfield code="l">0</subfield>
    <subfield code="o">BNPHU DS xxxx T233</subfield>
    <subfield code="p">2025-8308</subfield>
    <subfield code="r">2025-08-12</subfield>
    <subfield code="t">e. 3</subfield>
    <subfield code="w">2025-08-12</subfield>
    <subfield code="y">LBS1</subfield>
  </datafield>
  <datafield tag="999" ind1=" " ind2=" ">
    <subfield code="c">59761</subfield>
    <subfield code="d">59761</subfield>
  </datafield>
</record>
